Statistics for Countries that speak English

Click here to take the quiz!

General Stats

  • This quiz has been taken 44 times
    (24 since last reset)
  • The average score is 29 of 56

Answer Stats

Answer% Correct
United Kingdom
100%
Canada
81%
South Africa
81%
Ireland
75%
India
69%
Bahamas
63%
Kenya
63%
Nigeria
63%
Tonga
63%
Antigua & Barbuda
56%
Barbados
56%
Guyana
56%
Kiribati
56%
Lesotho
56%
Liberia
56%
Nauru
56%
Pakistan
56%
Singapore
56%
South Sudan
56%
Tanzania
56%
Botswana
50%
Eswatini
50%
Fiji
50%
Jamaica
50%
Micronesia
50%
Namibia
50%
Palau
50%
Papua New Guinea
50%
Samoa
50%
Seychelles
50%
Sierra Leone
50%
St. Kitts & Nevis
50%
St. Vincent & The Grenadines
50%
Tuvalu
50%
Uganda
50%
Zambia
50%
Zimbabwe
50%
Belize
44%
Cameroon
44%
Dominica
44%
Ghana
44%
Grenada
44%
Malawi
44%
Marshall Islands
44%
Solomon Islands
44%
St. Lucia
44%
Sudan
44%
Trinidad & Tobago
44%
Vanuatu
44%
Gambia
38%
Brunei
31%
Burundi
31%
Malta
31%
Rwanda
31%
Mauritius
25%
Phillipines
19%

Score Distribution

Percentile by Number Answered

Percent of People with Each Score

Your Score History

You have not taken this quiz since the last reset